Terrarian Yo-Yo Master Quiz - Statistics

General Stats
  • This quiz has been taken 23 times
  • The average score is 17 of 25
Answer Stats
Hint Answer % Correct
PHM Wooden Yo-Yo
100%
Accessory Yoyo Bag
89%
PHM Code 1
83%
Accessory String
83%
HM Terrarian
83%
Accessory Yoyo Glove
83%
HM Amarok
78%
PHM Amazon
78%
PHM Cascade
72%
HM Chik
72%
HM Code 2
72%
PHM Rally
72%
HM Hel-Fire
67%
BONUS Red's Throw
67%
HM Yelets
67%
Accessory Counterweight
61%
PHM Malaise
61%
PHM Artery
56%
HM Kraken
56%
PHM Valor
56%
HM The Eye of Cthulu
50%
HM Gradient
39%
PHM Hive-Five
39%
BONUS Valkyrie Yoyo
39%
HM Format:C
33%
No matching quizzes found
Score Distribution
Percent of People with Each Score
Percentile by Number Answered
Your Score History
You have not taken this quiz